000
00276nam a2200109Ia 4500
008
200302s9999 xx 000 0 und d
100
_a
Sumathi Ramaswamy
245
_a
Husain’s Raj visions of empie and Nation
260
_b
Marg Publishing
260
_c
2016
300
_a
144 P.,
999
_c
4986
_d
4986